000 01187cam a2200325 4500
008 090401t1998 xxu||||| |||| 00| 0 eng d
020 _a0117534722
035 _a(Sirsi) u87357
041 _aeng
050 _a711.1
110 _aUnited Kingdom
_bDepartment of the Environment, Transport and the Regions
_93507
245 _aMinerals planning guidance
_bapplications, permissions and conditions.
250 _a2nd ed.
260 _aLondon
_bStationery Office
_c1998
300 _a32p.
_c30cm.
350 _a16.99
490 _aMPG
_v2
520 _aAdvises on the handling of planning applications for minerals development, planning permissions and the imposition of planning conditions. View at www.planning.odpm.gov.uk.
520 _aReplaces the 1988 editions of MPG2 (ISBN 0117520527) and MPG5 (ISBN 0117521736).
650 _aMINERALS PLANNING
650 _aMINERALS
650 _aMPG2
650 _aMPG5
650 _aPLANNING APPLICATIONS
650 _aPLANNING PERMISSIONS
690 _aMINING AND MINERALS
856 _uhttps://www.communities.gov.uk/index.asp?id=1144150
_vView the guidance on the ODPM website...
942 _n0
948 _c13/07/1998
999 _c97225
_d97225